Case concerning trial of Pakistani prisoners of war (Pakistan V India) (Record no. 490074)

000 -LEADER
fixed length control field 00389cam a22001097a 4500
008 - FIXED-LENGTH DATA ELEMENTS--GENERAL INFORMATION
fixed length control field 180718b1976 xxu||||| |||| 00| 0 eng d
082 ## - DEWEY DECIMAL CLASSIFICATION NUMBER
Classification number D44 In8
245 ## - TITLE STATEMENT
Title Case concerning trial of Pakistani prisoners of war (Pakistan V India)
Statement of responsibility, etc. by International Court of Justice
260 ## - PUBLICATION, DISTRIBUTION, ETC.
Place of publication, distribution, etc. The Hague
Name of publisher, distributor, etc. International Court of Justice
Date of publication, distribution, etc. 1976
300 ## - PHYSICAL DESCRIPTION
Extent 177+p.
700 ## - ADDED ENTRY--PERSONAL NAME
Personal name International Court of Justice
Holdings
Withdrawn status Lost status Damaged status Not for loan Permanent Location Current Location Date acquired Full call number Barcode Date last seen Price effective from Koha item type
        Indian Institute of Public Administration Indian Institute of Public Administration 2018-08-04 D44 In8 G14300 2018-08-04 2018-08-04 G

Powered by Koha